000
00233nam a22000857a 4500
008
160720b xxu||||| |||| 00| 0 eng d
100
_9
3076
_a
Ramchandran K
245
_a
Composite mathematics-VII
260
_a
New Delhi
_b
ABD Publication
_c
2009
999
_c
2639
_d
2639